| 000 | 00720cab a22001935a 4500 | ||
|---|---|---|---|
| 001 | L144451 | ||
| 008 | 080721s2008 xxkad f s 000 0 eng d | ||
| 035 | _a(Sirsi) u144451 | ||
| 041 | 0 | _aeng | |
| 110 | 2 |
_aAsiaProperty _95571 |
|
| 245 | 0 | 0 |
_aKey data _boccupiers |
| 260 | _c2008 | ||
| 490 | 0 |
_aAsia Property _vMay 2008, 30(1) |
|
| 520 | _aReports that retailers are looking to Asia for emerging markets to push forward their future business. Reports that office rents continue to rise in Singapore during the first quarter 2008. Table shows prime Asian rents and yields, fourth quarter 2007. | ||
| 590 | _aKA | ||
| 651 | 4 | _aChina | |
| 690 | _aPROPERTY-COMMERCIAL PROPERTY-COMMERCIAL PROPERTY MARKET | ||
| 942 | _n0 | ||
| 999 |
_c80469 _d80469 |
||